| Tag |
First Indicator |
Second Indicator |
Subfields |
| LEADER |
00000cam a2200000Ia 4500 |
| 001 |
in00002425246 |
| 006 |
m d |
| 007 |
cr cn||||||||| |
| 008 |
070802s2007 xx s 000 0 eng d |
| 005 |
20260609193518.3 |
| 020 |
|
|
|a 9781597491952
|
| 020 |
|
|
|a 1597491950
|
| 035 |
|
|
|a (OCoLC)162131608
|
| 037 |
|
|
|a 141245:141388
|b Elsevier Science & Technology
|n http://www.sciencedirect.com
|
| 040 |
|
|
|a OPELS
|c OPELS
|d OPELS
|d UtOrBLW
|
| 049 |
|
|
|a TEFA
|
| 050 |
1 |
4 |
|a QA76.9.A25
|b R38 2007
|
| 050 |
1 |
4 |
|a QAeb
|
| 082 |
0 |
4 |
|a 005.8
|2 22
|
| 100 |
1 |
|
|a Rathaus, Noam.
|
| 245 |
1 |
0 |
|a Open source fuzzing tools.
|
| 264 |
|
1 |
|a Amsterdam :
|b Elsevier,
|c 2007.
|
| 300 |
|
|
|a pages ;
|c cm.
|
| 336 |
|
|
|a text
|b txt
|2 rdacontent
|
| 337 |
|
|
|a computer
|b c
|2 rdamedia
|
| 338 |
|
|
|a online resource
|b cr
|2 rdacarrier
|
| 533 |
|
|
|a Electronic reproduction.
|b Amsterdam :
|c Elsevier Science & Technology,
|d 2007.
|n Mode of access: World Wide Web.
|n System requirements: Web browser.
|n Title from title screen (viewed on July 25, 2007).
|n Access may be restricted to users at subscribing institutions.
|
| 520 |
|
|
|a A "fuzzer" is a program that attempts to discover security vulnerabilities by sending random data to an application. If that application crashes, then it has deffects to correct. Security professionals and web developers can use fuzzing for software testing--checking their own programs for problems--before hackers do it! <P> Open Source Fuzzing Tools is the first book to market that covers the subject of black box testing using fuzzing techniques. Fuzzing has been around fow a while, but is making a transition from hacker home-grown tool to commercial-grade quality assurance product. Using fuzzing, developers can find and eliminate buffer overflows and other software vulnerabilities during the development process and before release. * Fuzzing is a fast-growing field with increasing commercial interest (7 vendors unveiled fuzzing products last year). * Vendors today are looking for solutions to the ever increasing threat of vulnerabilities. Fuzzing looks for these vulnerabilities automatically, before they are known, and eliminates them before release. * Software developers face an incresing demand to produce secure applications---and they are looking for any information to help them do that.
|
| 505 |
0 |
|
|a Introduction to Software Testing -- Introduction to Vulnerability Research -- Fuzzing, what's that? -- A Bit of History -- Basic Fuzzing Techniques -- Advanced Fuzzing Methodologies and Technologies -- Open Source Solutions -- Commercial Solutions -- Build Your Own Fuzzer -- Integration of Fuzzing in the Development Cycle -- Testing Third-party Software -- Certification and Regulation.
|
| 500 |
|
|
|a Electronic resource.
|
| 650 |
|
0 |
|a Computer security.
|
| 655 |
|
7 |
|a Electronic books.
|2 local
|
| 776 |
1 |
|
|c Original
|z 1597491950
|z 9781597491952
|w (OCoLC)141386423
|
| 710 |
2 |
|
|a ScienceDirect (Online service)
|
| 856 |
4 |
0 |
|u http://proxy.library.tamu.edu/login?url=https://www.sciencedirect.com/science/book/9781597491952
|z Connect to the full text of this electronic book
|t 0
|
| 994 |
|
|
|a C0
|b TEF
|
| 999 |
|
|
|a MARS
|
| 999 |
f |
f |
|s fb109a0e-cbb1-3d94-a8dc-e2539a0d7f2e
|i 4947e9a3-c3b7-3a7c-b437-71f65a2736a7
|t 0
|
| 952 |
f |
f |
|a Texas A&M University
|b College Station
|c Electronic Resources
|s www_evans
|d Available Online
|t 0
|e QAeb
|h Other scheme
|
| 998 |
f |
f |
|a QAeb
|t 0
|l Available Online
|